000 00219nam a22000857a 4500
008 161202b xxu||||| |||| 00| 0 eng d
100 _91728
_aMehta.S.N.
245 _aDiabetes vegetarian sepie
260 _aNEW DELHI
_bSNAB
_c2009
999 _c4438
_d4438